Freedom of speech: basis and limits: twelfth annual conference at the University of Glasgow, 29th - 31th march 1985

Saved in:  
Bibliographic Details
Corporate Author: United Kingdom Association for Legal and Social Philosophy (Other)
Contributors: Maher, Gerry 1955- (Editor)
Format: Print Book
Language:English
Published: Stuttgart Steiner-Verlag-Wiesbaden-GmbH 1986
In: Annual conference / United Kingdom Association for Legal and Social Philosophy (12)
Year: 1986
Availability in Tübingen:Present in Tübingen.
UB: 6 E 5663
Check availability: HBZ Gateway
Subito Delivery Service: Order now.
Volumes / Articles:Show volumes/articles.
Keywords:

MARC

LEADER 00000cam a2200000 c 4500
001 026527359
003 DE-627
005 20260206193704.0
007 tu
008 860902s1986 gw ||||| 00| ||eng c
015 |a 86,N33,0055  |2 dnb 
015 |a 86,N33,0055  |2 dnb 
016 7 |a 860756955  |2 DE-101 
020 |a 3515045929 
035 |a (DE-627)026527359 
035 |a (DE-603)004627903 
035 |a (DE-576)012134988 
035 |a (DE-599)GBV026527359 
035 |a (OCoLC)14389877 
035 |a (OCoLC)310693352 
035 |a (OCoLC)220601641 
035 |a (OCoLC)612387812 
040 |a DE-627  |b ger  |c DE-627  |e rakwb 
041 |a eng 
044 |c XA-DE 
082 0 |a 342.0853  |q OCLC  |2 20 
084 |a 10  |2 sdnb 
084 |a 10  |a 19  |a 16  |2 sdnb 
084 |a 3,6  |2 ssgn 
084 |a 1  |2 ssgn 
084 |a PI 2050  |2 rvk  |0 (DE-625)rvk/136540: 
084 |a PI 2000  |2 rvk  |0 (DE-625)rvk/136539: 
084 |2 rvk  |0 (DE-625)rvk17687 
084 |2 rvk  |0 (DE-625)rvk17686 
084 |a PK 280  |2 rvk  |0 (DE-625)rvk/136920: 
245 0 0 |a Freedom of speech: basis and limits  |b twelfth annual conference at the University of Glasgow, 29th - 31th march 1985  |c Association for LegaL and Social Philosophy. Ed. by Gerry Maher 
264 1 |a Stuttgart  |b Steiner-Verlag-Wiesbaden-GmbH  |c 1986 
300 |a 88 S. 
336 |a Text  |b txt  |2 rdacontent 
337 |a ohne Hilfsmittel zu benutzen  |b n  |2 rdamedia 
338 |a Band  |b nc  |2 rdacarrier 
490 1 |a Archiv für Rechts- und Sozialphilosophie  |a Beiheft  |v 28 
490 1 |a Annual conference / Association for Legal and Social Philosophy  |v 12 
500 |a Literaturverz. S. [87] - 88 
583 1 |a Archivierung/Langzeitarchivierung gewährleistet  |f PEBW  |x XA-DE-BW  |2 pdager  |5 DE-24 
583 1 |a Archivierung/Langzeitarchivierung gewährleistet  |f SSG  |x XA-DE-BW  |2 pdager  |5 DE-21 
583 1 |a Archivierung prüfen  |c 20240324  |f DE-4165  |z 3  |2 pdager 
650 0 7 |0 (DE-588)4038463-9  |0 (DE-627)104774711  |0 (DE-576)209030216  |a Meinungsfreiheit  |2 gnd 
655 7 |a Konferenzschrift  |y 1985  |z Glasgow  |0 (DE-588)1071861417  |0 (DE-627)826484824  |0 (DE-576)433375485  |2 gnd-content 
689 0 0 |d s  |0 (DE-588)4038463-9  |0 (DE-627)104774711  |0 (DE-576)209030216  |a Meinungsfreiheit  |2 gnd 
689 0 |5 DE-101 
689 1 0 |d s  |0 (DE-588)4038463-9  |0 (DE-627)104774711  |0 (DE-576)209030216  |a Meinungsfreiheit  |2 gnd 
689 1 |5 (DE-627) 
700 1 |8 1\p  |a Maher, Gerry  |d 1955-  |e Hrsg.  |0 (DE-588)172245893  |0 (DE-627)697157385  |0 (DE-576)133114570  |4 edt 
710 2 |a United Kingdom Association for Legal and Social Philosophy  |0 (DE-588)2073443-8  |0 (DE-627)103818715  |0 (DE-576)192176676  |4 oth 
810 2 |a United Kingdom Association for Legal and Social Philosophy  |t Annual conference / United Kingdom Association for Legal and Social Philosophy  |v 12  |9 12  |w (DE-627)129576182  |w (DE-576)009511954  |w (DE-600)230545-8  |7 am 
830 0 |a Archiv für Rechts- und Sozialphilosophie  |p Beiheft  |v [N.F.], 28  |9 NF,28  |w (DE-627)130130761  |w (DE-576)015666743  |w (DE-600)508959-1  |x 0341-079X  |7 am 
883 |8 1\p  |a cgwrk  |d 20241001  |q DE-101  |u https://d-nb.info/provenance/plan#cgwrk 
935 |a mteo 
935 |i Blocktest 
936 r v |a PI 2050  |b Sammelwerke, Kongressberichte  |k Rechtswissenschaft  |k Allgemeine Rechtslehre und Rechtstheorie, Rechts- und Staatsphilosophie, Rechtssoziologie  |k Allgemeines  |k Sammelwerke, Kongressberichte  |0 (DE-627)1271265710  |0 (DE-625)rvk/136540:  |0 (DE-576)201265710 
936 r v |a PI 2000  |b Reihen  |k Rechtswissenschaft  |k Allgemeine Rechtslehre und Rechtstheorie, Rechts- und Staatsphilosophie, Rechtssoziologie  |k Allgemeines  |k Reihen  |0 (DE-627)1271265702  |0 (DE-625)rvk/136539:  |0 (DE-576)201265702 
936 r v |0 (DE-625)rvk17687 
936 r v |0 (DE-625)rvk17686 
936 r v |a PK 280  |b Staat und Bürger, Grund- und Menschenrechte, Widerstandsrecht, Mitwirkung des Einzelnen an der staatlichen Willensbildung  |k Rechtswissenschaft  |k Allgemeine Staatslehre und Staatsphilosophie  |k Einzelprobleme  |k Staat und Bürger, Grund- und Menschenrechte, Widerstandsrecht, Mitwirkung des Einzelnen an der staatlichen Willensbildung  |0 (DE-627)1271071088  |0 (DE-625)rvk/136920:  |0 (DE-576)201071088 
936 s n |a c100  |2 mzub 
936 s n |a p100  |2 mzub 
936 s n |a m100  |2 mzub 
951 |a BO 
ELC |b 1 
LOK |0 000 xxxxxcx a22 zn 4500 
LOK |0 001 3242175441 
LOK |0 003 DE-627 
LOK |0 004 026527359 
LOK |0 005 19960410000000 
LOK |0 008 940607||||||||||||||||ger||||||| 
LOK |0 040   |a DE-21  |c DE-627  |d DE-21 
LOK |0 852   |a DE-21 
LOK |0 852 1  |c 6 E 5663  |9 00 
LOK |0 935   |a kram  |a konv 
LOK |0 939   |a 07-06-94  |b l01 
LOK |0 000 xxxxxcx a22 zn 4500 
LOK |0 001 3242175530 
LOK |0 003 DE-627 
LOK |0 004 026527359 
LOK |0 005 20060926114435 
LOK |0 008 910930||||||||||||||||ger||||||| 
LOK |0 040   |a DE-21-35  |c DE-627  |d DE-21-35 
LOK |0 541   |e 1986/75528 
LOK |0 852   |a DE-21-35 
LOK |0 852 1  |c Md 4.013a-28  |m p  |9 00 
LOK |0 938   |k p 
LOK |0 939   |a 30-09-91  |b l01 
LOK |0 000 xxxxxcx a22 zn 4500 
LOK |0 001 3242175549 
LOK |0 003 DE-627 
LOK |0 004 026527359 
LOK |0 005 20131122104439 
LOK |0 008 951219||||||||||||||||ger||||||| 
LOK |0 040   |a DE-21-24  |c DE-627  |d DE-21-24 
LOK |0 541   |e 86/1469 
LOK |0 689   |a s  |a Meinungsfreiheit 
LOK |0 689   |a s  |a United Kingdom Association for Legal and Social Philosophy (Tagungsbericht) 
LOK |0 852   |a DE-21-24 
LOK |0 852 1  |c Oe E,IIIh,178  |m p  |9 00 
LOK |0 936ln  |a Oe E,IIIh, 
LOK |0 938   |k p 
LOK |0 939   |a 19-12-95  |b l01 
LOK |0 000 xxxxxcx a22 zn 4500 
LOK |0 001 3242175557 
LOK |0 003 DE-627 
LOK |0 004 026527359 
LOK |0 005 20131122104854 
LOK |0 008 131122||||||||||||||||ger||||||| 
LOK |0 040   |a DE-21-110  |c DE-627  |d DE-21-110 
LOK |0 689   |a s  |a Pornographie 
LOK |0 852   |z Kein Bestand am IfK; Nachweis für KrimDok 
LOK |0 852   |a DE-21-110 
LOK |0 852 1  |m v  |9 00 
LOK |0 935   |a k110 
LOK |0 938   |k v 
LOK |0 939   |a 22-11-13  |b l01 
LOK |0 000 xxxxxcx a22 zn 4500 
LOK |0 001 3242177045 
LOK |0 003 DE-627 
LOK |0 004 026527359 
LOK |0 005 20060111164042 
LOK |0 008 060111||||||||||||||||ger||||||| 
LOK |0 040   |a DE-Frei85  |c DE-627  |d DE-Frei85 
LOK |0 852   |a DE-Frei85 
LOK |0 852 1  |m p  |9 00 
LOK |0 938   |k p 
LOK |0 939   |a 11-01-06  |b l01 
ORI |a WA-MARC-krimdokb001.raw 
SIG |a UB: 6 E 5663 
SPR |a 1  |t KRI 
TIM |a 100019850101_100019851231  |b 1985 - 1985